|
|
|
|
| LEADER |
00000cam a2200000 7i4500 |
| 001 |
0000003299 |
| 005 |
20050822.0 |
| 020 |
0 |
0 |
|a 0321042905
|
| 090 |
0 |
0 |
|a 577
|b SMI
|
| 100 |
1 |
0 |
|a Smith, Robert Leo.
|
| 245 |
1 |
0 |
|a Ecology & field biology
|c Robert Leo Smith, Thomas M. Smith ; illustrated by Robert Leo Smith, Jr.
|
| 250 |
0 |
0 |
|a 6th ed.
|
| 260 |
0 |
0 |
|a San Francisco :
|b Benjamin Cummings ,
|c c2001.
|
| 300 |
|
|
|a xviii, 771, 18, 31, 4, 19 p. :
|b ill. (chiefly col.) , maps ;
|c 29 cm.
|
| 500 |
0 |
0 |
|a Accompanied by: Lab manual for biology labs on-line : evolution lab by Robert Desharnais, Jeffrey Bell. c2000, (11 p. ; 28 cm.).
|
| 650 |
0 |
0 |
|a Biology
|x Field work.
|
| 650 |
0 |
0 |
|a Ecology.
|
| 700 |
1 |
1 |
|a Smith, T. M. [
|q (Thomas Michael), ,
|d 1955-
|
| 999 |
|
|
|a 0000006252
|b Monograph
|c Open Shelf
|e Default branch
|